Los Reyes Católicos y la oferta de Cristobal Colón (Record no. 169320)

MARC details
000 -LEADER
campo de control de longitud fija 00789nam a22001935i 4500
001 - NÚMERO DE CONTROL
campo de control 169320
003 - IDENTIFICADOR DE NÚMERO DE CONTROL
campo de control ES-MaACL
005 - FECHA Y HORA DE LA ÚLTIMA TRANSACCIÓN
campo de control 20231216062910.0
008 - DATOS DE LONGITUD FIJA--INFORMACIÓN GENERAL
campo de control de longitud fija 080901s1992 sp |||| | spa d
080 ## - NÚMERO DE LA CLASIFICACIÓN DECIMAL UNIVERSAL
Número de la Clasificación Decimal Universal 970/980
100 1# - ENTRADA PRINCIPAL--NOMBRE DE PERSONA
Nombre de persona Pérez de Tudela y Bueso, Juan,
Fechas asociadas al nombre 1922-2004
9 (RLIN) 90810
245 14 - MENCIÓN DEL TÍTULO
Título Los Reyes Católicos y la oferta de Cristobal Colón
Resto del título : apunte introductorio a una historia tergiversada acerca de un horizonte de encubrimientos /
Mención de responsabilidad, etc. Juan Pérez de Tudela y Bueso.
260 ## - PUBLICACIÓN, DISTRIBUCIÓN, ETC.
Lugar de publicación, distribución, etc. Madrid :
Nombre del editor, distribuidor, etc. Editorial Complutense,
Fecha de publicación, distribución, etc. 1992.
300 ## - DESCRIPCIÓN FÍSICA
Extensión P. [9]-46 ;
Dimensiones 24 cm.
595 ## -
-- Separata de: Cuadernos de Historia Moderna nº 13 (1992)
651 #4 - PUNTO DE ACCESO ADICIONAL DE MATERIA--NOMBRE GEOGRÁFICO
Nombre geográfico América-
Subdivisión general Descubrimientos y exploraciones.
9 (RLIN) 7694
852 ## - LOCALIZACIÓN
Ubicación ES-MaACL
Número de control de estantería 2233-F-19
itemnumber R.142409
Holdings
Estatus retirado Estado de pérdida Estado de daño No para préstamo Colección Biblioteca de origen Biblioteca actual Ubicación en estantería Fecha de adquisición Fuente de adquisición Total de préstamos Signatura topográfica completa Código de barras Visto por última vez Precio de reemplazo Tipo de ítem Koha
        Colección de folletos Biblioteca del Ateneo de Madrid Biblioteca del Ateneo de Madrid Depósito folletos 01/09/2008     2233-F-19 1177763 23/02/2023 23/02/2023 Folleto